Dimenzia morálneho hazardu v kríze

Autor predstavuje ústrednú tému publikácie "Globálna hospodárska a finančná kríza: príčiny, náklady a východiská". Čo predchádzalo kríze. Dopady finančnej a hospodárskej krízy. Morálny hazard v snahe riešiť problémy krízy. Konsolidácia svetovej ekonomiky závisí aj od zvládnutia potenciálnych rizík....

Description complète

Enregistré dans:
Détails bibliographiques
Auteur principal: Workie Tiruneh, Menbere
Format: Chapitre de livre
Langue:slovaque
Sujets:
Tags: Ajouter un tag
Pas de tags, Soyez le premier à ajouter un tag!

MARC

LEADER 00000naa$a2200000$$$4500
001 0107585
005 20231016085934.8
041 0 |a slo 
044 |a SK 
245 1 0 |a Dimenzia morálneho hazardu v kríze  |c Menbere Workie Tiruneh 
520 |a Autor predstavuje ústrednú tému publikácie "Globálna hospodárska a finančná kríza: príčiny, náklady a východiská". Čo predchádzalo kríze. Dopady finančnej a hospodárskej krízy. Morálny hazard v snahe riešiť problémy krízy. Konsolidácia svetovej ekonomiky závisí aj od zvládnutia potenciálnych rizík. Neisté vyhliadky svetovej ekonomiky. 
610 2 0 |a kríza hospodárska 
610 2 0 |a kríza finančná 
610 2 0 |a hospodárstvo svetové 
610 2 0 |a riziko 
610 2 0 |a náklady 
100 1 |a Workie Tiruneh, Menbere